| 000 | 00814cam a22002417a 4500 | ||
|---|---|---|---|
| 001 | 000001516 | ||
| 005 | 20200929145614.0 | ||
| 008 | 970623s1961 sp 000 0 spa | ||
| 020 | _a8429741518 | ||
| 040 |
_aDO-SdBNP _bspa _cBNPHU |
||
| 082 |
_a863.6 _bE775c |
||
| 100 | 1 |
_aEspinas, Josep María, _d1927- _95002 |
|
| 240 | 1 | 0 |
_aCombat De Nit _lEspañol |
| 245 | 1 | 0 |
_aCombate en la noche / _cJosep María Espinas; traducción, Enrique Badosa. |
| 260 |
_aBarcelona : _bEdiciones Destino, _c1961. |
||
| 300 |
_a183 p. ; _c19 cm.10. |
||
| 490 | 1 |
_aÁncora y Delfín ; _v210 |
|
| 650 | 4 |
_aNovela española _91123 |
|
| 650 | 4 |
_aChoferes de camiones _vNOVELA _95003 |
|
| 650 | 4 |
_aAccidentes _xAspectors jurídicos _vNOVELA _95004 |
|
| 700 | 1 |
_aBadosa, Enrique ; _eTraductor _95005 |
|
| 830 | 0 |
_aAncora y delfín ; _n210 _95006 |
|
| 999 |
_c1420 _d1420 |
||